01901cam a2200301 a 4500001001300000005001700013008004100030020002700071020001800098035002000116040006000136041000800196060001400204100002100218245005800239250001100297260008600308300003900394500002100433500007600454520074500530546002201275650007201297650006101369650005001430650006601480651005301546ocm48498887 20180601164028.0160411s2000 xxua frb 001 0 eng d a9780226712406 (2a.Ed.) a9780226712390 a(OCoLC)48498887 aCo-BoUCMbspacSandra Palacio (modificó)dSaul Niño aeng aW 611 FA11 aRichardson, Ruth10aDeath, dissection, and the destitutecRuth Richardson a2nd ed aChicago (Estados Unidos)aLondres (Inglaterra)bUniversity of Chicago Pressc2000 axvii, 453 páginasbilustraciones aIncluye índice aOriginally published: London ; New York : Routledge & Kegan Paul, 1987.1 a"In the early nineteenth century, body snatching was rife because the only corpses available for medical study were those of hanged murderers. With the Anatomy Act of 1832, however, the bodies of those who died destitute in workhouses were appropriated for dissection. At a time when such a procedure was regarded with fear and revulsion, the Anatomy Act effectively rendered dissection a punishment for poverty. Providing both historical and contemporary insights, Death, Dissection, and the Destitute opens rich new prospects in history and history of science. The new afterword draws important parallels between social and medical history and contemporary concerns regarding organs for transplant and human tissue for research."--Jacket. aTexto en inglés 7aRitos y ceremonias fúnebres zGran BretañaxHistoriaySiglo XIX 7aDisección humana zGran BretañaxHistoriaySiglo XIX 7aMuertos zGran BretañaxHistoriaySiglo XIX 7aTrasplantes de órganos, tejidos, etc. xHistoriaySiglo XIX 0aGran BretañaxCondiciones sociales ySiglo XIX